000 00423nam a2200145Ia 4500
008 100122s9999 xx 000 0 und d
082 _b69486
_a823.5
100 _aविद्यासागर पंडित
245 _aअंतराळी
260 _bकर्नाटक प्रकाशन
_c2003
300 _a191
630 _aअंतराळी
730 _aअंतराळी
942 _cBOOK
999 _c440779
_d440776